| 000 | 00462nam a2200133Ia 4500 | ||
|---|---|---|---|
| 005 | 20260326235459.0 | ||
| 008 | 260326s9999||||xx |||||||||||||| ||und|| | ||
| 100 | _aEttinger McEnulty, Catherine R. | ||
| 245 | 0 |
_aForo de Historia y Crítica de la Arquitectura Mexicana : _b Situación Actual de la historiografía de la Arquitectura Mexicana / _cCatherine R. Ettinger McEnulty |
|
| 260 | _bUNAM | ||
| 300 | _a285 p. | ||
| 650 | _aARQUITECTURA REGIONAL | ||
| 942 | _cBK | ||
| 999 |
_c8040 _d8040 |
||